Nursing Foundations for BSc Nursing Students (Record no. 144103)

MARC details
000 -LEADER
fixed length control field 00410nam a2200145Ia 4500
008 - FIXED-LENGTH DATA ELEMENTS--GENERAL INFORMATION
fixed length control field 230314s9999 xx 000 0 und d
020 ## - INTERNATIONAL STANDARD BOOK NUMBER
International Standard Book Number 978-93-86896-72-8
041 ## - LANGUAGE CODE
Language code of text/sound track or separate title eng
082 ## - DEWEY DECIMAL CLASSIFICATION NUMBER
Classification number F/610.73/FRA/DB0952
100 ## - MAIN ENTRY--PERSONAL NAME
Personal name Fransis Celestina & Misra Kritika
9 (RLIN) 180561
245 ## - TITLE STATEMENT
Title Nursing Foundations for BSc Nursing Students
260 ## - PUBLICATION, DISTRIBUTION, ETC. (IMPRINT)
Name of publisher, distributor, etc. Lotus
Place of publication, distribution, etc. Jalandhar
Date of publication, distribution, etc. 2022
300 ## - PHYSICAL DESCRIPTION
Extent 360p
Holdings
Withdrawn status Lost status Damaged status Not for loan Collection code Home library Current library Date acquired Cost, normal purchase price Bill number Total Checkouts Total Renewals Full call number Barcode Date last seen Date last checked out Bill Date Koha item type Original Barcode Source of classification or shelving scheme Vendor Cost, replacement price
          Sitabai Nargundkar College of Nursing Nagpur Sitabai Nargundkar College of Nursing Nagpur 27/01/2026 424.00 IK#2025-26#00918     610.73 FRA SNCN-DB-361 31/01/2026   29/01/2026 Donated Book   Dewey Decimal Classification Donated By Reshma A. Raut 424.00
          Smt. Bakul Tambat Institute of Nursing Education Smt. Bakul Tambat Institute of Nursing Education 28/03/2022 430.00 54 11 8 F 610.73 FRA DB0952 BTIN-DB-952 24/10/2024 21/10/2024 25/03/2022 Donated Book DB0952